000
00218nam a2200097 4500
999
_c
531669
_d
531669
040
_c
DLC
082
_a
624.151
_b
VAL
100
_a
Vallejo, Luis I. Gonzalez
_9
24613
245
_a
Geological Engineering
942
_2
ddc
_c
BK